| 000 | 00377nam a22001571a 4500 | ||
|---|---|---|---|
| 020 | _a9788170160373 | ||
| 082 |
_aH3 _bRAM/T |
||
| 100 | _aRamdarsh Mishra | ||
| 245 |
_aTootate banate din/ _cby Ramdarsh Mishra |
||
| 260 |
_aNew Delhi: _bKithabghar, _c1990. |
||
| 300 | _a175p. | ||
| 650 | _aNovel Hindi | ||
| 650 | _aLiterature Hindi | ||
| 650 | _aLiterature | ||
| 942 | _cBK | ||
| 999 |
_c47286 _d47286 |
||